Online Catalogue and eLibrary

The way of the Lotus Viragaya (Record no. 3367)

MARC details
000 -LEADER
fixed length control field 00423nam a2200145Ia 4500
005 - DATE AND TIME OF LATEST TRANSACTION
control field 20241217024844.0
008 - FIXED-LENGTH DATA ELEMENTS--GENERAL INFORMATION
fixed length control field 240331s9999 xx 000 0 und d
082 ## - DDC Classification
Item Number - Author Mark WIC
Class No. 823
100 ## - MAIN ENTRY--PERSONAL NAME
Personal name Wickremasinghe, M
245 #4 - TITLE STATEMENT
Title The way of the Lotus Viragaya
260 ## - PUBLICATION, DISTRIBUTION, ETC.
Place of publication, distribution, etc. Dehiwala
Name of publisher, distributor, etc. Tisara Prakasakayo Ltd
Date of publication, distribution, etc. 1985
300 ## - PHYSICAL DESCRIPTION
Extent (e.g. Volumes, Pages etc.) 173 p .,
500 ## - GENERAL NOTE
General note The way of the lotus Viragaya in the medium of the realistic Novel.
942 ## - Koha item type (Biblio)
Koha item type Books in Stacks (Lending)
Holdings
Lost status Damaged status Collection code Home library Current library Shelving location Date acquired Full call number Accession Number Item type
    Lending WERC Library WERC Library Social Science Cupboard 03/31/2024 823 WIC 77 Books in Stacks (Lending)

© WERC Library